[Event "11. Europa ch 2010 Femenino"]
[Site "Rijeka CRO"]
[Date "2010.03.17"]
[Round "11.31"]
[White "Melnikova, Yana"]
[Black "Kashlinskaya, Alina"]
[Result "0-1"]
[WhiteElo "2272"]
[BlackElo "2332"]
[PlyCount "92"]
[EventDate "2010.03.06"]
[EventType "swiss"]
[EventRounds "11"]
[EventCountry "CRO"]
[Source "lmi"]
[SourceDate "2010.03.06"]

1. e4 e5 2. Nf3 Nc6 3. Bb5 a6 4. Ba4 Nf6 5. O-O Be7 6. Qe2 b5 7. Bb3 O-O 8. c3
d5 9. d3 Re8 10. Bg5 Be6 11. Nbd2 h6 12. Bh4 Nh5 13. Bxe7 Qxe7 14. Qe3 Nf6 15.
Rfe1 Rad8 16. Rad1 d4 17. Qe2 Bg4 18. h3 Bc8 19. Kh2 Na5 20. Rc1 Bb7 21. g3 c5
22. Nh4 dxc3 23. Nf5 Qd7 24. Rxc3 c4 25. Bc2 Nc6 26. Bb1 Kh7 27. Nf3 g6 28.
N5h4 Nd4 29. Qe3 g5 30. Nxg5+ hxg5 31. Qxg5 Qe6 32. dxc4 Rg8 33. Qc1 b4 34. Rd3
Nd7 35. Rxd4 exd4 36. e5+ Kh8 37. Bf5 Qc6 38. Be4 Qxe4 39. Rxe4 Bxe4 40. Qf4
Bh7 41. Qxd4 Nf6 42. Qf4 Ne4 43. Nf5 Rd2 44. Qxe4 Rxf2+ 45. Kg1 Rxf5 46. Qh4
Re8 0-1

[Event "11. Europa ch 2010 Femenino"]
[Site "Rijeka CRO"]
[Date "2010.03.17"]
[Round "11.32"]
[White "Manakova, Maria"]
[Black "Dolzhikova, Kateryna"]
[Result "1-0"]
[WhiteElo "2315"]
[BlackElo "2290"]
[PlyCount "85"]
[EventDate "2010.03.06"]
[EventType "swiss"]
[EventRounds "11"]
[EventCountry "CRO"]
[Source "lmi"]
[SourceDate "2010.03.06"]

1. e4 e5 2. Bc4 Nc6 3. d3 Bc5 4. Nf3 Nf6 5. O-O d6 6. c3 O-O 7. Bg5 h6 8. Bh4
Bg4 9. h3 Bh5 10. g4 Bg6 11. b4 Bb6 12. Na3 Qe7 13. Nc2 Nd8 14. Ne3 c6 15. Nf5
Bxf5 16. gxf5 Kh7 17. Nh2 g5 18. Bg3 d5 19. exd5 cxd5 20. Bb3 e4 21. Re1 Re8
22. dxe4 dxe4 23. Ng4 Nxg4 24. hxg4 e3 25. fxe3 Bxe3+ 26. Kh2 Nc6 27. f6 Qxf6
28. Qd3+ Kg7 29. Rxe3 Rad8 30. Qe2 Qxc3 31. Rxe8 Rd2 32. Rf1 f6 33. Kh3 Rxe2
34. Rxe2 h5 35. gxh5 Ne5 36. h6+ Kg6 37. Bc2+ Kxh6 38. Rxf6+ Kh5 39. Kg2 Ng4
40. Rfe6 b6 41. Bg6+ Kh6 42. Bf5+ Kh5 43. Kh3 1-0

[Event "11. Europa ch 2010 Femenino"]
[Site "Rijeka CRO"]
[Date "2010.03.17"]
[Round "11.34"]
[White "Kochetkova, Julia"]
[Black "Mrvova, Alena"]
[Result "1-0"]
[WhiteElo "2313"]
[BlackElo "2239"]
[PlyCount "131"]
[EventDate "2010.03.06"]
[EventType "swiss"]
[EventRounds "11"]
[EventCountry "CRO"]
[Source "lmi"]
[SourceDate "2010.03.06"]

1. e4 c5 2. Nf3 Nc6 3. d4 cxd4 4. Nxd4 Nf6 5. Nc3 d6 6. Bg5 e6 7. Qd2 Qb6 8.
Nb3 a6 9. O-O-O Be7 10. f3 O-O 11. g4 Ne5 12. Be2 Qc7 13. h4 b5 14. Bxf6 Bxf6
15. g5 Be7 16. f4 b4 17. Nb1 Nc4 18. Qd4 d5 19. exd5 exd5 20. N1d2 Nd6 21. Bd3
Nf5 22. Qxd5 Rd8 23. Qa5 Qxa5 24. Nxa5 Rxd3 25. cxd3 Bd6 26. Nac4 Bc7 27. Kb1
Be6 28. Nb3 g6 29. Nc5 Bd5 30. Ne4 Kg7 31. Rhe1 Bxf4 32. Nb6 Rd8 33. Nxd5 Rxd5
34. Nf6 Rd8 35. Re4 Bg3 36. Rh1 h6 37. Ne8+ Kf8 38. gxh6 Nxh6 39. Nf6 Kg7 40.
Rf1 Rxd3 41. Rxb4 Nf5 42. Nh5+ Kh6 43. Nxg3 Rxg3 44. a3 Rh3 45. Ra4 Kg7 46.
Rff4 Kg8 47. Rxa6 Nxh4 48. a4 g5 49. Rb4 Ng6 50. Rg4 Rh5 51. Ra5 f6 52. Rb4
Rh1+ 53. Ka2 Re1 54. Rab5 Kf7 55. a5 Ne5 56. a6 Nd3 57. Rc4 Re6 58. Rb7+ Kg6
59. a7 Ra6+ 60. Kb1 Ne5 61. Rc8 g4 62. a8=Q Rxa8 63. Rxa8 Kf5 64. Rg8 Kf4 65.
Rb4+ Kf3 66. Rf8 1-0

[Event "11. Europa ch 2010 Femenino"]
[Site "Rijeka CRO"]
[Date "2010.03.17"]
[Round "11.35"]
[White "Worek, Joanna"]
[Black "Milliet, Sophie"]
[Result "0-1"]
[WhiteElo "2245"]
[BlackElo "2391"]
[PlyCount "103"]
[EventDate "2010.03.06"]
[EventType "swiss"]
[EventRounds "11"]
[EventCountry "CRO"]
[Source "lmi"]
[SourceDate "2010.03.06"]

1. Nf3 Nf6 2. c4 c5 3. d4 cxd4 4. Nxd4 e6 5. Nc3 Nc6 6. g3 Qb6 7. e3 Bb4 8. Bg2
Ne5 9. a3 Bxc3+ 10. bxc3 Nxc4 11. Qa4 Qc5 12. O-O O-O 13. e4 d5 14. exd5 Nxd5
15. Qc2 Bd7 16. Nf3 Bc6 17. Nd4 Rac8 18. Re1 Bd7 19. a4 Ncb6 20. a5 Qxd4 21.
axb6 Qxb6 22. c4 Qd4 23. Bb2 Qxc4 24. Qd2 Qb4 25. Qxb4 Nxb4 26. Rxa7 Nd3 27.
Rd1 Nxb2 28. Rxd7 Rc1+ 29. Bf1 b6 30. Kg2 Rc6 31. Rab7 e5 32. Bb5 Rc2 33. Re7
Nd1 34. Ba4 Rxf2+ 35. Kg1 Ra2 36. Rxe5 Nf2 37. Rxb6 Nh3+ 38. Kh1 Nf2+ 39. Kg1
Ng4 40. Rh5 g6 41. Rc5 Ra8 42. Rb4 Nxh2 43. Rc3 h5 44. Rbc4 Kg7 45. Rf4 Rb8 46.
Bb3 f5 47. Rf2 Rxf2 48. Kxf2 Ng4+ 49. Kg2 Kf6 50. Kf3 Kg5 51. Kg2 Rd8 52. Ba4
0-1

[Event "11. Europa ch 2010 Femenino"]
[Site "Rijeka CRO"]
[Date "2010.03.17"]
[Round "11.36"]
[White "Semenova, Irina"]
[Black "Foisor, Cristina Adela B"]
[Result "0-1"]
[WhiteElo "2272"]
[BlackElo "2433"]
[PlyCount "120"]
[EventDate "2010.03.06"]
[EventType "swiss"]
[EventRounds "11"]
[EventCountry "CRO"]
[Source "lmi"]
[SourceDate "2010.03.06"]

1. e4 c6 2. d4 g6 3. Nc3 d5 4. h3 Bg7 5. Nf3 dxe4 6. Nxe4 Bf5 7. Ng3 Be6 8. c3
Nf6 9. Bd3 Bd5 10. O-O Bxf3 11. Qxf3 O-O 12. Re1 Nbd7 13. Bc2 Nb6 14. Ne4 Nxe4
15. Qxe4 e6 16. Bf4 Qd5 17. Qe2 Rfe8 18. Be4 Qd7 19. Bc2 Rad8 20. Rad1 Qe7 21.
Qf3 Rd7 22. Qg3 Nd5 23. Bg5 Qf8 24. Bb3 b5 25. a4 a6 26. axb5 axb5 27. Ra1 Ra8
28. Bf4 Rda7 29. Rxa7 Rxa7 30. Be5 Bxe5 31. Qxe5 Qd8 32. g3 Qc7 33. Qg5 Kg7 34.
h4 h6 35. Qg4 Qd6 36. Qf3 h5 37. Kg2 Qd8 38. Qe4 Qf6 39. Qe2 Nc7 40. Qe3 Ra8
41. Rd1 Nd5 42. Qe2 Qf5 43. Re1 Nb6 44. Rd1 Ra7 45. Re1 Nd5 46. Kh2 Nf6 47. Kg2
Ra8 48. Qe3 b4 49. c4 c5 50. dxc5 Ng4 51. Qe2 Qxc5 52. f3 Nf6 53. Rd1 e5 54.
Qf2 Qc6 55. Qe1 e4 56. fxe4 Re8 57. Rd4 Nxe4 58. Kh2 Nc5 59. Qf1 Nxb3 60. Rf4
Qe6 0-1

[Event "11. Europa ch 2010 Femenino"]
[Site "Rijeka CRO"]
[Date "2010.03.17"]
[Round "11.37"]
[White "Toma, Katarzyna"]
[Black "Bojkovic, Natasa"]
[Result "1/2-1/2"]
[WhiteElo "2259"]
[BlackElo "2384"]
[PlyCount "79"]
[EventDate "2010.03.06"]
[EventType "swiss"]
[EventRounds "11"]
[EventCountry "CRO"]
[Source "lmi"]
[SourceDate "2010.03.06"]

1. e4 c5 2. Nf3 e6 3. d4 cxd4 4. Nxd4 a6 5. Bd3 d6 6. O-O Nd7 7. Kh1 g6 8. f4
Bg7 9. Nf3 Ngf6 10. c4 Nc5 11. Nc3 O-O 12. Bc2 Qc7 13. Qe2 b6 14. Be3 Bb7 15.
Bd4 Rad8 16. Rad1 Ncd7 17. Bg1 Rc8 18. Rfe1 Rfd8 19. Rd2 Bh6 20. Ng5 Bf8 21. f5
exf5 22. exf5 Re8 23. Qf1 Rxe1 24. Qxe1 Re8 25. Qh4 Bg7 26. fxg6 hxg6 27. h3
Nh5 28. Bh2 Ne5 29. Bb3 Bf6 30. c5 bxc5 31. Bd5 Qe7 32. Nce4 Bxd5 33. Rxd5 Kg7
34. Nxd6 Rd8 35. Nf5+ gxf5 36. Rxd8 Qxd8 37. Qxh5 Qg8 38. Nf3 Nxf3 39. Qxf3 Qe8
40. Bg3 1/2-1/2

[Event "11. Europa ch 2010 Femenino"]
[Site "Rijeka CRO"]
[Date "2010.03.17"]
[Round "11.38"]
[White "Severiukhina, Zoja"]
[Black "Medic, Mirjana"]
[Result "1-0"]
[WhiteElo "2355"]
[BlackElo "2279"]
[PlyCount "120"]
[EventDate "2010.03.06"]
[EventType "swiss"]
[EventRounds "11"]
[EventCountry "CRO"]
[Source "lmi"]
[SourceDate "2010.03.06"]

1. e4 e6 2. d4 d5 3. Nd2 Nf6 4. e5 Nfd7 5. Bd3 c5 6. c3 b6 7. Ne2 Ba6 8. Bb1
cxd4 9. cxd4 Nc6 10. Nf3 Bb4+ 11. Bd2 Bxd2+ 12. Qxd2 Rc8 13. O-O O-O 14. Re1
Qe7 15. Nf4 Rfd8 16. Nh5 Nf8 17. h4 Rc7 18. Qf4 Ng6 19. Qg4 Nb4 20. Nxg7 Kxg7
21. h5 Nd3 22. Bxd3 Bxd3 23. hxg6 Bxg6 24. Nh4 Rc4 25. b3 Rc3 26. g3 Rdc8 27.
Kg2 Kf8 28. Qf4 Ke8 29. Rac1 Be4+ 30. f3 Rc2+ 31. Kh3 Bd3 32. Rxc2 Rxc2 33. Rd1
Bg6 34. Nxg6 hxg6 35. Kg4 Rh2 36. Rc1 Kd7 37. a4 a5 38. Rc3 Rh1 39. Rc2 Rd1 40.
Rh2 g5 41. Qxg5 Rxd4+ 42. f4 Qxg5+ 43. Kxg5 Rd3 44. g4 d4 45. Kf6 Kc6 46. Kxf7
Kd5 47. g5 Rf3 48. Rg2 Rxf4+ 49. Ke7 Rh4 50. g6 Kxe5 51. g7 Rh7 52. Kf8 Rxg7
53. Kxg7 d3 54. Kf7 Kd5 55. Rd2 Kd4 56. Kxe6 Kc3 57. Rd1 Kc2 58. Rh1 Kxb3 59.
Kd5 d2 60. Kd4 Kxa4 1-0

[Event "11. Europa ch 2010 Femenino"]
[Site "Rijeka CRO"]
[Date "2010.03.17"]
[Round "11.39"]
[White "Motoc, Alina"]
[Black "Mamedjarova, Turkan"]
[Result "1/2-1/2"]
[WhiteElo "2348"]
[BlackElo "2269"]
[PlyCount "70"]
[EventDate "2010.03.06"]
[EventType "swiss"]
[EventRounds "11"]
[EventCountry "CRO"]
[Source "lmi"]
[SourceDate "2010.03.06"]

1. d4 f5 2. Nc3 Nf6 3. Bg5 d5 4. Bxf6 exf6 5. e3 Be6 6. Qf3 Qd7 7. Bb5 c6 8.
Bd3 Bd6 9. Nge2 g6 10. h3 h5 11. g4 Na6 12. gxf5 Bxf5 13. Bxf5 Qxf5 14. Qxf5
gxf5 15. Ng3 Bxg3 16. fxg3 Kf7 17. Kd2 h4 18. Ne2 hxg3 19. Nxg3 Rag8 20. Rag1
f4 21. exf4 Rh4 22. Ke3 Rgh8 23. c3 Nc7 24. Nf5 Rxh3+ 25. Rxh3 Rxh3+ 26. Kf2
Rh2+ 27. Rg2 Rxg2+ 28. Kxg2 Ke6 29. Nh4 f5 30. Ng6 b6 31. Ne5 c5 32. Kf3 c4 33.
Ke3 Ne8 34. Nc6 a5 35. a4 Nf6 1/2-1/2

[Event "11. Europa ch 2010 Femenino"]
[Site "Rijeka CRO"]
[Date "2010.03.17"]
[Round "11.41"]
[White "Kadziolka, Beata"]
[Black "Papp, Petra"]
[Result "1/2-1/2"]
[WhiteElo "2311"]
[BlackElo "2263"]
[PlyCount "21"]
[EventDate "2010.03.06"]
[EventType "swiss"]
[EventRounds "11"]
[EventCountry "CRO"]
[Source "lmi"]
[SourceDate "2010.03.06"]

1. e4 e5 2. Nf3 Nc6 3. Bc4 Bc5 4. d3 Nf6 5. c3 d6 6. h3 h6 7. O-O O-O 8. Bb3 a6
9. Nbd2 Be6 10. Re1 Ne7 11. Nf1 1/2-1/2

[Event "11. Europa ch 2010 Femenino"]
[Site "Rijeka CRO"]
[Date "2010.03.17"]
[Round "11.42"]
[White "Borosova, Zuzana"]
[Black "Videnova, Iva"]
[Result "0-1"]
[WhiteElo "2307"]
[BlackElo "2258"]
[PlyCount "120"]
[EventDate "2010.03.06"]
[EventType "swiss"]
[EventRounds "11"]
[EventCountry "CRO"]
[Source "lmi"]
[SourceDate "2010.03.06"]

1. e4 c5 2. Nf3 Nc6 3. d4 cxd4 4. Nxd4 g6 5. c4 Nf6 6. Nc3 Nxd4 7. Qxd4 d6 8.
Be2 Bg7 9. O-O O-O 10. Qd3 Be6 11. Be3 Qa5 12. Bd4 Rfc8 13. b3 Nd7 14. Bxg7
Kxg7 15. f4 f5 16. exf5 Qc5+ 17. Kh1 Bxf5 18. Qd2 Nf6 19. Bf3 Rab8 20. Rae1 e6
21. Qb2 Kf7 22. Qe2 h5 23. Ne4 Nxe4 24. Bxe4 b5 25. Bxf5 Qxf5 26. Rc1 bxc4 27.
Rxc4 d5 28. Rcc1 Rxc1 29. Rxc1 Rc8 30. Re1 d4 31. Qa6 Rd8 32. Qxa7+ Kf6 33. Qc7
Qd5 34. Kg1 d3 35. Qe5+ Qxe5 36. fxe5+ Kf5 37. Kf2 Ra8 38. a4 Rb8 39. Rb1 Ke4
40. b4 Rf8+ 41. Ke1 Ke3 42. Rb2 Rc8 43. Kd1 Rc3 44. Ra2 Rb3 45. Kc1 Rxb4 46. g3
Rc4+ 47. Kd1 h4 48. a5 hxg3 49. hxg3 Rg4 50. Ke1 Rxg3 51. Kf1 Rf3+ 52. Ke1 Rh3
53. Kf1 Rh1+ 54. Kg2 Rc1 55. Ra3 Kd4 56. a6 d2 57. a7 d1=Q 58. a8=Q Qh1+ 59.
Kg3 Rg1+ 60. Kf2 Qh2+ 0-1

[Event "11. Europa ch 2010 Femenino"]
[Site "Rijeka CRO"]
[Date "2010.03.17"]
[Round "11.44"]
[White "Dolukhanova, Evgeniya"]
[Black "Gromova, Iulia"]
[Result "1-0"]
[WhiteElo "2297"]
[BlackElo "2226"]
[PlyCount "131"]
[EventDate "2010.03.06"]
[EventType "swiss"]
[EventRounds "11"]
[EventCountry "CRO"]
[Source "lmi"]
[SourceDate "2010.03.06"]

1. e4 c6 2. d3 d5 3. Nd2 e5 4. Ngf3 Bd6 5. g3 Nf6 6. Bg2 O-O 7. O-O Nbd7 8. Nh4
Re8 9. Nf5 Bf8 10. Nb3 b5 11. a4 b4 12. a5 a6 13. Bd2 Rb8 14. Ra4 Nc5 15. Nxc5
Bxc5 16. Be3 Bxe3 17. Nxe3 Rb5 18. Qe2 Be6 19. Rfa1 Qd7 20. Qe1 Reb8 21. Nf1
Qd6 22. Nd2 Nd7 23. b3 Nc5 24. R4a2 Bg4 25. h3 Bh5 26. Qe3 Ne6 27. exd5 cxd5
28. Re1 f6 29. f4 d4 30. Nc4 Qd7 31. Qe4 Bg6 32. Qc6 Qxc6 33. Bxc6 Rc5 34. Bg2
Rbb5 35. Nd6 Rb8 36. Nc4 Rbb5 37. f5 Bxf5 38. Nd6 Bg6 39. Nxb5 Rxb5 40. Bc6 Rb8
41. Bd5 Kf7 42. Bc4 Ke7 43. Bxa6 Nc5 44. Bc4 Be8 45. a6 Bc6 46. Ra5 Kd6 47. g4
h6 48. Kh2 Ra8 49. h4 Ra7 50. g5 hxg5 51. hxg5 Ne6 52. Bxe6 Kxe6 53. Rg1 Kf7
54. Kg3 Ke6 55. Kg4 Bd7 56. Rh1 Kd6+ 57. Kg3 Bc8 58. Rh8 Rxa6 59. Rxa6+ Bxa6
60. g6 f5 61. Rg8 Bb7 62. Rxg7 Bd5 63. Ra7 Ke6 64. Ra5 Bh1 65. g7 Kf7 66. Rxe5
1-0

[Event "11. Europa ch 2010 Femenino"]
[Site "Rijeka CRO"]
[Date "2010.03.17"]
[Round "11.45"]
[White "Aginian, Nelly"]
[Black "Fakhiridou, Ekaterini"]
[Result "1-0"]
[WhiteElo "2296"]
[BlackElo "2252"]
[PlyCount "98"]
[EventDate "2010.03.06"]
[EventType "swiss"]
[EventRounds "11"]
[EventCountry "CRO"]
[Source "lmi"]
[SourceDate "2010.03.06"]

1. e4 c5 2. Nf3 e6 3. d4 cxd4 4. Nxd4 a6 5. Bd3 d5 6. exd5 Qxd5 7. O-O Nd7 8.
Be3 Bc5 9. Nc3 Qe5 10. Be2 Ngf6 11. Bf3 O-O 12. Re1 Qc7 13. Nb3 Bxe3 14. Rxe3
Ne5 15. Be2 Rd8 16. Qe1 Nc4 17. Bxc4 Qxc4 18. Rd1 Bd7 19. Red3 Qc7 20. Qd2 b5
21. a3 Ra7 22. Rg3 Rc8 23. h3 h6 24. Nd4 Kh8 25. Qe2 Be8 26. Rgd3 Qe7 27. Ne4
Rac7 28. c3 Nxe4 29. Qxe4 Rc5 30. f4 Rc4 31. Qe3 a5 32. Nf5 Qc7 33. Nd6 Rb8 34.
Nxc4 bxc4 35. R3d2 Ba4 36. Rf1 Rb5 37. Re1 Qb8 38. Ree2 Rf5 39. Rd4 Bc6 40.
Red2 Bd5 41. g4 Rf6 42. h4 h5 43. gxh5 Rf5 44. Rh2 Rxh5 45. Rdd2 Rf5 46. Rhf2
Qd8 47. b3 cxb3 48. c4 b2 49. Qb3 Qc7 1-0

[Event "11. Europa ch 2010 Femenino"]
[Site "Rijeka CRO"]
[Date "2010.03.17"]
[Round "11.46"]
[White "Arabidze, Meri"]
[Black "Hoolt, Sarah"]
[Result "1-0"]
[WhiteElo "2292"]
[BlackElo "2215"]
[PlyCount "61"]
[EventDate "2010.03.06"]
[EventType "swiss"]
[EventRounds "11"]
[EventCountry "CRO"]
[Source "lmi"]
[SourceDate "2010.03.06"]

1. d4 Nf6 2. c4 g6 3. g3 Bg7 4. Bg2 d5 5. cxd5 Nxd5 6. Nf3 Nb6 7. Nc3 Nc6 8.
O-O Nxd4 9. Nxd4 Qxd4 10. Nb5 Qc5 11. a4 O-O 12. Be3 Qb4 13. Nxc7 Rb8 14. a5
Nc4 15. Bxa7 Nxb2 16. Qc2 Bf5 17. e4 Bd7 18. Bxb8 Rxb8 19. Nd5 Qd6 20. Ra2 e6
21. Nb6 Bb5 22. Rxb2 Bxf1 23. Bxf1 Bxb2 24. Qxb2 Rd8 25. Nc4 Qc6 26. Qb6 Qxb6
27. Nxb6 e5 28. Nc4 f6 29. Bh3 Kf7 30. Bc8 Rd1+ 31. Kg2 1-0

[Event "11. Europa ch 2010 Femenino"]
[Site "Rijeka CRO"]
[Date "2010.03.17"]
[Round "11.47"]
[White "Mamedjarova, Zeinab"]
[Black "Danelia, Mariam"]
[Result "0-1"]
[WhiteElo "2289"]
[BlackElo "2199"]
[PlyCount "58"]
[EventDate "2010.03.06"]
[EventType "swiss"]
[EventRounds "11"]
[EventCountry "CRO"]
[Source "lmi"]
[SourceDate "2010.03.06"]

1. d4 Nf6 2. Nf3 g6 3. g3 Bg7 4. Bg2 d5 5. O-O O-O 6. b3 Ne4 7. Bb2 c5 8. Qc1
cxd4 9. Nxd4 e5 10. Nf3 Nc6 11. c4 dxc4 12. Qxc4 Bf5 13. Nc3 Nxc3 14. Qxc3 Rc8
15. Qe3 Re8 16. Rfd1 Qa5 17. Rd2 h5 18. Rad1 Nd4 19. Nxd4 exd4 20. Qf4 Bc2 21.
b4 Qxb4 22. Bd5 Bxd1 23. Bxf7+ Kh7 24. Bxd4 Bxe2 25. Kg2 Qb1 26. Rxe2 Rxe2 27.
Bxg7 Kxg7 28. Bd5 Qf5 29. Qd4+ Qe5 0-1

[Event "11. Europa ch 2010 Femenino"]
[Site "Rijeka CRO"]
[Date "2010.03.17"]
[Round "11.48"]
[White "Solic, Kristina"]
[Black "Zimina, Olga"]
[Result "1-0"]
[WhiteElo "2192"]
[BlackElo "2319"]
[PlyCount "83"]
[EventDate "2010.03.06"]
[EventType "swiss"]
[EventRounds "11"]
[EventCountry "CRO"]
[Source "lmi"]
[SourceDate "2010.03.06"]

1. d4 c5 2. e4 cxd4 3. Nf3 Qa5+ 4. c3 dxc3 5. Nxc3 d6 6. Bc4 Nc6 7. O-O Nf6 8.
Qb3 e6 9. Rd1 Be7 10. Bf4 O-O 11. Bxd6 Bxd6 12. Rxd6 Qc7 13. Qa3 a6 14. Rad1
Rb8 15. Qc5 Ne8 16. R6d2 b6 17. Qe3 Nf6 18. h3 b5 19. Bf1 Nd7 20. Rd6 Nce5 21.
Qd4 Nxf3+ 22. gxf3 Nf6 23. e5 Nd5 24. Nxd5 exd5 25. Qxd5 Qe7 26. f4 Qh4 27. Qf3
Qe7 28. Qg3 a5 29. Bg2 Be6 30. Be4 Bxa2 31. f5 Rfe8 32. f6 Qf8 33. Bc6 Rec8 34.
Bd7 Rd8 35. e6 Bxe6 36. Bxe6 Rxd6 37. Rxd6 fxe6 38. Rd7 Rc8 39. Rxg7+ Kh8 40.
Qd3 Rc1+ 41. Kg2 Qa8+ 42. f3 1-0

[Event "11. Europa ch 2010 Femenino"]
[Site "Rijeka CRO"]
[Date "2010.03.17"]
[Round "11.50"]
[White "Mammadova, Gulnar"]
[Black "Ivakhinova, Inna"]
[Result "1/2-1/2"]
[WhiteElo "2299"]
[BlackElo "2218"]
[PlyCount "80"]
[EventDate "2010.03.06"]
[EventType "swiss"]
[EventRounds "11"]
[EventCountry "CRO"]
[Source "lmi"]
[SourceDate "2010.03.06"]

1. e4 c5 2. Nc3 d6 3. g3 Nc6 4. Bg2 g6 5. d3 Bg7 6. f4 e6 7. Nge2 Nge7 8. O-O
O-O 9. Be3 b6 10. Qd2 d5 11. Bf2 dxe4 12. Bxe4 Bb7 13. Bg2 Qd7 14. Rad1 Rfd8
15. Ne4 Rac8 16. Rfe1 h6 17. g4 f5 18. gxf5 exf5 19. N4g3 Kh7 20. c3 Na5 21.
Bxb7 Qxb7 22. Qe3 Rd7 23. d4 Rcd8 24. Qc1 Qd5 25. b3 cxd4 26. Nxd4 Nec6 27. c4
Qd6 28. c5 bxc5 29. Nxc6 Qxc6 30. Rxd7 Rxd7 31. Qxc5 Qxc5 32. Bxc5 Nc6 33. Kg2
Rd5 34. Bf2 Ra5 35. a4 Nd4 36. Bxd4 Bxd4 37. Re7+ Kg8 38. Ne2 Bf6 39. Rd7 Ra6
40. Rb7 Kf8 1/2-1/2

[Event "11. Europa ch 2010 Femenino"]
[Site "Rijeka CRO"]
[Date "2010.03.17"]
[Round "11.52"]
[White "Sandu, Mihaela"]
[Black "Kopinits, Anna Christina"]
[Result "1/2-1/2"]
[WhiteElo "2278"]
[BlackElo "2183"]
[PlyCount "158"]
[EventDate "2010.03.06"]
[EventType "swiss"]
[EventRounds "11"]
[EventCountry "CRO"]
[Source "lmi"]
[SourceDate "2010.03.06"]

1. e4 c5 2. Nc3 Nc6 3. f4 g6 4. Nf3 Bg7 5. Bc4 e6 6. O-O Nge7 7. d3 d5 8. Bb3
O-O 9. Qe1 b6 10. Qg3 Nd4 11. Nxd4 cxd4 12. Nd1 dxe4 13. dxe4 Ba6 14. Re1 d3
15. cxd3 Qxd3 16. Qxd3 Bxd3 17. Nf2 Ba6 18. e5 Rfd8 19. Ne4 Nf5 20. Bd2 Nd4 21.
Be3 Bf8 22. Red1 Nf5 23. Bf2 h5 24. Rac1 Rxd1+ 25. Rxd1 Be7 26. Rd7 Bb5 27. Rc7
Bd8 28. Rc1 Be7 29. g3 Kf8 30. h3 Rd8 31. a4 Bd3 32. Nf6 Bxf6 33. exf6 Nh6 34.
a5 Rb8 35. axb6 axb6 36. Rd1 Bf5 37. Bxb6 Bxh3 38. Rd8+ Rxd8 39. Bxd8 Ke8 40.
Be7 Kd7 41. Ba4+ Kc7 42. Be8 e5 43. fxe5 Be6 44. Bc5 Ng4 45. Bd4 Bb3 46. Bb5
Kc8 47. Kf1 Nh2+ 48. Ke2 g5 49. Bd3 Ng4 50. Bf5+ Kd8 51. Kd2 Nh2 52. Kc3 Bd5
53. b4 Nf3 54. b5 h4 55. gxh4 gxh4 56. Bb6+ Ke8 57. Bf2 Nxe5 58. Bxh4 Nd7 59.
Kb4 Kd8 60. Ka5 Bb7 61. Bc2 Bd5 62. Ka6 Bc4 63. Bd1 Kc8 64. Bf3 Kd8 65. Bc6
Nb8+ 66. Kb7 Nxc6 67. bxc6 Bd5 68. Be1 Bf3 69. Ba5+ Ke8 70. Bb4 Be4 71. Ba5 Bf3
72. Kc7 Be4 73. Kd6 Bf3 74. Kc5 Be4 75. Kd6 Bf3 76. Kc7 Be4 77. Bb4 Bf3 78. Ba5
Be4 79. Kb6 Bf3 1/2-1/2

[Event "11. Europa ch 2010 Femenino"]
[Site "Rijeka CRO"]
[Date "2010.03.17"]
[Round "11.54"]
[White "Drljevic, Ljilja"]
[Black "Pavlidou, Ekaterini"]
[Result "1-0"]
[WhiteElo "2248"]
[BlackElo "2135"]
[PlyCount "91"]
[EventDate "2010.03.06"]
[EventType "swiss"]
[EventRounds "11"]
[EventCountry "CRO"]
[Source "lmi"]
[SourceDate "2010.03.06"]

1. e4 c5 2. d3 Nc6 3. g3 g6 4. Bg2 Bg7 5. Nf3 d6 6. O-O Rb8 7. c3 e5 8. a3 a5
9. a4 Nge7 10. Na3 O-O 11. Re1 h6 12. Nb5 d5 13. exd5 Nxd5 14. Nd2 Be6 15. Ne4
b6 16. Ned6 Kh7 17. Qc2 f5 18. f4 Bg8 19. fxe5 Nxe5 20. Nc4 Ng4 21. h3 Ngf6 22.
Ne5 Rc8 23. g4 Nd7 24. Nxd7 Qxd7 25. gxf5 Rxf5 26. Be4 Rf6 27. Qg2 Be6 28. h4
Ne7 29. Qh2 Bd5 30. Bg5 Bxe4 31. Rxe4 Qxd3 32. Rxe7 Rf3 33. Rxg7+ Kh8 34. Bf4
Kxg7 35. Re1 Rf8 36. Be5+ Kg8 37. Qe2 Rf1+ 38. Kg2 Qd5+ 39. Qe4 Qd2+ 40. Re2
R8f2+ 41. Kg3 Rxe2 42. Qxg6+ Kf8 43. Qg7+ Ke8 44. Nc7+ Kd8 45. Qg8+ Ke7 46.
Qe8# 1-0

[Event "11. Europa ch 2010 Femenino"]
[Site "Rijeka CRO"]
[Date "2010.03.17"]
[Round "11.57"]
[White "Kachiani Gersinska, Ketino"]
[Black "Brunello, Marina"]
[Result "1/2-1/2"]
[WhiteElo "2346"]
[BlackElo "2217"]
[PlyCount "43"]
[EventDate "2010.03.06"]
[EventType "swiss"]
[EventRounds "11"]
[EventCountry "CRO"]
[Source "lmi"]
[SourceDate "2010.03.06"]

1. d4 Nf6 2. c4 e6 3. g3 c5 4. d5 exd5 5. cxd5 d6 6. Nc3 g6 7. Bg2 Bg7 8. Nf3
O-O 9. O-O Re8 10. a4 a6 11. Bf4 Qc7 12. Rc1 Ne4 13. Nxe4 Rxe4 14. Nd2 Rd4 15.
e3 Rb4 16. b3 Nd7 17. Nc4 Bf8 18. a5 b6 19. axb6 Nxb6 20. Na5 Bd7 21. Nc6 Rb5
22. Nd4 1/2-1/2

[Event "11. Europa ch 2010 Femenino"]
[Site "Rijeka CRO"]
[Date "2010.03.17"]
[Round "11.58"]
[White "Bogumil, Tatiana"]
[Black "Borsuk, Angela"]
[Result "0-1"]
[WhiteElo "2201"]
[BlackElo "2338"]
[PlyCount "56"]
[EventDate "2010.03.06"]
[EventType "swiss"]
[EventRounds "11"]
[EventCountry "CRO"]
[Source "lmi"]
[SourceDate "2010.03.06"]

1. f4 Nf6 2. e3 d6 3. Nf3 g6 4. b3 Bg7 5. Bb2 O-O 6. Bc4 Nc6 7. d4 a6 8. a4 Bf5
9. O-O Nb4 10. Na3 b5 11. axb5 axb5 12. Bd3 Nxd3 13. cxd3 Bd7 14. Qd2 Qb8 15.
e4 c5 16. Nc2 Qb7 17. Ne3 cxd4 18. Bxd4 Rfc8 19. Rxa8 Rxa8 20. Qb2 Bc6 21. h3
Ne8 22. Rc1 Bh6 23. Qc3 Bd7 24. Nd5 Be6 25. Qc6 Bxd5 26. exd5 Qxc6 27. dxc6
Bxf4 28. Rc2 Nc7 0-1

[Event "11. Europa ch 2010 Femenino"]
[Site "Rijeka CRO"]
[Date "2010.03.17"]
[Round "11.59"]
[White "Makka, Ioulia"]
[Black "Cherednichenko, Svetlana"]
[Result "0-1"]
[WhiteElo "2180"]
[BlackElo "2337"]
[PlyCount "140"]
[EventDate "2010.03.06"]
[EventType "swiss"]
[EventRounds "11"]
[EventCountry "CRO"]
[Source "lmi"]
[SourceDate "2010.03.06"]

1. e4 e5 2. Nf3 d6 3. d4 exd4 4. Qxd4 a6 5. Bf4 Nc6 6. Qd2 Nf6 7. Nc3 Be7 8.
O-O-O O-O 9. h3 b5 10. e5 dxe5 11. Qxd8 Rxd8 12. Rxd8+ Nxd8 13. Bxe5 Ne6 14.
Nd4 Nxd4 15. Bxd4 Bb7 16. Rg1 Rd8 17. Be3 b4 18. Nd1 a5 19. Bb5 h6 20. f3 Bd6
21. c4 Nh5 22. c5 Bxc5 23. Bxc5 Rd5 24. Bxb4 axb4 25. Bc4 Rg5 26. Ne3 Nf4 27.
h4 Re5 28. Kd2 Ng6 29. g3 Re7 30. f4 Nf8 31. Ng4 Nd7 32. Re1 Rxe1 33. Kxe1 Kf8
34. Kd2 Ke7 35. Nf2 h5 36. Be2 g6 37. a4 Nc5 38. Nd3 Ne4+ 39. Ke1 Nxg3 40. Nxb4
Nf5 41. a5 Kd6 42. a6 Ba8 43. Nd3 Nxh4 44. Kf2 f6 45. b4 Nf5 46. Nc5 Nd4 47.
Bf1 Nc2 48. Nb7+ Kc6 49. b5+ Kb6 50. Bd3 Nd4 51. Bxg6 h4 52. Be4 Nxb5 53. Nc5
Bxe4 54. Nxe4 f5 55. Nf6 Kxa6 56. Kg2 c5 57. Kh3 Nc7 58. Kxh4 c4 59. Nd7 Ne6
60. Ne5 c3 61. Nd3 Kb5 62. Nc1 Kc4 63. Kh5 Nxf4+ 64. Kg5 Nd3 65. Ne2 f4 66. Kg4
Kb3 67. Kf3 Kc2 68. Nd4+ Kd1 69. Ke4 c2 70. Nb3 Nc5+ 0-1